00721nam a2200253Ia 450000500170000000800460001702000180006303700100008104000080009104000080009904000080010704100080011504100080012308400080013110000570013924500270019626000080022326000090023165000440024085600610028494200100034599900210035595200910037620260306172722.0008 260114s9999 xx 000 0 eng d a9789354433788 aEBOOK aCRL beng cCRL 2eng aeng qCRL aGarg, Suresh , Ghosh, C. K. , Gupta, Sanjay91131245 0aOscillations And Waves bPHI c2024 aFaculty of Technology/ Physics91131221 uhttps://elibrary.phindia.com/ebooks/reader/9789354433788 cEBOOK c1714884d1714884 00104070aCRLbCRLd2026-03-06l0pCL1973045r2026-03-06 17:27:22w2026-03-06yEBOOK